Personálna rovnováha - doma, v NATO aj v misiách náčelník Generálneho štábu generálmajor Ľubomír Bulík

Podrobná bibliografia
Hlavní autori: Vitko, Pavol, 1964- (Autor, Tazateľ), Bulík, Ľubomír, 1957- (Autor)
Médium: Článok
Jazyk:slovenčina
Fyzický popis:Fotogr.
ISSN:1336-2910
Predmet:

MARC

LEADER 00000nab a2200000 a 4500
001 vtls008297417
003 SK-MaSNL
005 20260304134350.0
008 250505c2005 xo mr|p|||||||000 b|slo
015 |a SNBRB2005/09  |2 snkbucl 
035 |a urn:nbn:sk:snk-ab7ujl 
035 |a (urnnbn)urn:nbn:sk:snk:ar-003ziy 
035 |a (uuid)4456f549-6430-4ef3-ab52-c5d89d44d25e 
038 |a SNKBUCL 
040 |a SNKBUCL  |b slo  |c SNKBUCL  |e AACR2 
041 0 |a slo 
044 |a xo  |c SK 
080 |a 355.11  |x (437.6)  |2 1997 
080 |a 355.3  |x (437.6)  |2 1997 
100 1 |a Vitko, Pavol,  |d 1964-  |4 aut  |4 ivr  |9 219103 
245 1 0 |a Personálna rovnováha - doma, v NATO aj v misiách  |b náčelník Generálneho štábu generálmajor Ľubomír Bulík  |c Pavol Vitko 
300 |b Fotogr. 
610 1 7 |a Slovensko.  |b Ozbrojené sily  |2 snkbucl  |9 88133 
650 0 7 |a personálny manažment  |2 snkbucl  |9 936 
700 1 |a Bulík, Ľubomír,  |d 1957-  |4 aut  |9 1043784 
773 0 |t Obrana  |g Roč. 13, č. 4 (2005), s. 6-7  |x 1336-2910 
850 |a Slovenská národná knižnica 
852 |a Slovenská národná knižnica 
954 |a odborná, vedecká literatúra pôvodná (slovenská)  |2 lita 
958 |a article9 
958 |a OND 
958 |a EUIPO 
999 |c 2906516  |d 2908446